Loreto College Library, Kolkata
WEBOPAC (ONLINE PUBLIC ACCESS CATALOGUE)

Heinrich Boll (Record no. 5129)

MARC details
000 -LEADER
fixed length control field 00644nam a2200229Ia 4500
005 - DATE AND TIME OF LATEST TRANSACTION
control field 20230118141946.0
008 - FIXED-LENGTH DATA ELEMENTS--GENERAL INFORMATION
fixed length control field 131103s9999 xx 000 0 und d
020 ## - ISBN | অাই এস বি এন
ISBN | অাই এস বি এন 854900481
PRICE GBP 1.25
040 ## - CATALOGING SOURCE
Original cataloging agency Loreto College
041 ## - LANGUAGE CODE
Language code English
082 ## - DDC | ডিউই
Classification number | বর্গসংখ্যা 830
Book Number | গ্রন্থাঙ্ক BOL-REI
100 ## - MAIN ENTRY--PERSONAL NAME | মুখ্য সংলেখ - ব্যাক্তিনাম
Personal name | ব্যাক্তিনাম Reid,James Henderson
245 ## - TITLE STATEMENT | অাখ্যা বিবরণী
Title | অাখ্যা Heinrich Boll
Sub title | উপঅাখ্যা withdral and re - emergence
Statement of responsibility | লেখকের দায়িত্বের বিবরণ James Henderson Reid
260 ## - IMPRINT | প্রকাশনা ক্ষেত্র
Place of publication | প্রকাশ স্থান London
Name of publisher | প্রকাশকের নাম Oswald Wolf
Date of publication | প্রকাশ কাল 1973
300 ## - PHYSICAL DESCRIPTION |
Page / Vol. No | পৃষ্ঠা / খন্ড সংখ্যা 85 p.
440 ## - SERIES STATEMENT |গ্রন্থমালা
Series Title | গ্রন্থমালা অাখ্যা Modern German Authors
504 ## - BIBLIOGRAPHY, ETC. NOTE
Bibliography, etc Includes bibliographical references
650 ## - SUBJECT ADDED ENTRY--TOPICAL TERM | বিষয় শিরোনাম - মূল বিষয়
Topical term | মূল বিষয় Roll,Heinrich,1917
700 ## - ADDED ENTRY--PERSONAL NAME | অতিরিক্ত সংলেখ - ব্
Personal name | ব্যাক্তিনাম Last,R.W.,series ed.
850 ## - HOLDING INSTITUTION
Holding institution LCLIB
942 ## - ADDED ENTRY ELEMENTS (KOHA)
Koha item type Books
Holdings
Withdrawn status Lost status Source of classification Damaged status Not for loan Home library Current library Date acquired Total Checkouts Full call number Accession No. Date last seen Price effective from Koha item type Coded location qualifier
    Dewey Decimal Classification     Loreto College Loreto College 04/11/2013   830 BOL-REI 22070 B4997 04/11/2013 04/11/2013 Books